000 00460nam a2200181Ia 4500
003 LK-CoDNM
005 20240224150959.0
008 010623t1887 xxu||||| |||| 00| 1 sin d
040 _aLK-CoDNM
_dLK-CoDNM
_eLK-CoDNM
041 _asin
080 _a104 U14
100 _aFernando,H.J.A
245 _aකාලිදාස් චරිතය
246 _aKalidas Charita
260 _bLakmini Pahana
_aColombo
_c1887
300 _b17p., 21 cm
942 _cBK
999 _c82828
_d82828